| 000 | 01692nam a2200409Ia 4500 | ||
|---|---|---|---|
| 001 | ebr10668546 | ||
| 003 | CaPaEBR | ||
| 006 | m u | ||
| 007 | cr cn||||||||| | ||
| 008 | 900307r19881805inua sb 001 0 eng d | ||
| 010 | _z 87026243 | ||
| 020 | _z0865970661 | ||
| 020 | _z086597067X | ||
| 020 | _z0865970688 | ||
| 020 | _z0865970696 | ||
| 020 | _z086597070X | ||
| 020 | _z0865970718 | ||
| 020 | _z9780865970694 | ||
| 020 | _z9781614878742 | ||
| 040 |
_aCaPaEBR _cCaPaEBR |
||
| 035 | _a(OCoLC)597332904 | ||
| 050 | 1 | 4 |
_aE208 _b.W37 1988eb |
| 082 | 0 | 4 |
_a973.3 _223 |
| 100 | 1 |
_aWarren, Mercy Otis, _d1728-1814. |
|
| 245 | 1 | 0 |
_aHistory of the rise, progress, and termination of the American Revolution _h[electronic resource] : _binterspersed with biographical, political, and moral observations / _cby Mercy Otis Warren ; edited and annotated by Lester H. Cohen. |
| 260 |
_aIndianapolis : _bLiberty Classics, _cc1988. |
||
| 300 |
_axliv, 762 p. : _bill. |
||
| 500 | _aReprint. Originally published: Boston : Printed by Manning and Loring, for E. Larkin, 1805. | ||
| 504 | _aIncludes bibliographical references and index. | ||
| 533 |
_aElectronic reproduction. _bPalo Alto, Calif. : _cebrary, _d2013. _nAvailable via World Wide Web. _nAccess may be limited to ebrary affiliated libraries. |
||
| 650 | 0 |
_aHistory _zUnited States _yRevolution, 1775-1783. |
|
| 651 | 0 |
_aUnited States _xHistory _yRevolution, 1775-1783. |
|
| 655 | 7 |
_aElectronic books. _2local |
|
| 700 | 1 |
_aCohen, Lester H., _d1944- |
|
| 710 | 2 | _aebrary, Inc. | |
| 856 | 4 | 0 |
_uhttp://site.ebrary.com/lib/rucke/Doc?id=10668546 _zAn electronic book accessible through the World Wide Web; click to view |
| 999 |
_c160952 _d160952 |
||